| 000 | 00746nam a2200253Ia 4500 | ||
|---|---|---|---|
| 003 | OSt | ||
| 005 | 20220928102051.0 | ||
| 006 | a|||||r|||| 00| 0 | ||
| 007 | ta | ||
| 008 | 220927b |||||||| |||| 00| 0 hin d | ||
| 020 | _cINR 395.00 | ||
| 024 | _a144480 | ||
| 037 |
_b10134, 13/03/2021, Rajkamal Prakashan Pvt.Ltd. _cTextual |
||
| 040 |
_aSDCL _cSDCL _bhin |
||
| 041 |
_2hin _ahin |
||
| 082 | _aO152,3PC, R0 | ||
| 100 |
_aPandey Chandan _9396357 |
||
| 245 | 0 | _aVaidhanik galp | |
| 260 |
_aNew Delhi _bRajkamal Prakashan _c2020 |
||
| 300 |
_a139p. _ccm. |
||
| 650 |
_aHindi _9391598 |
||
| 942 |
_hO152,3PC, R0 _cTEXL _2CC |
||
| 999 |
_c712074 _d712074 |
||